000 00488nam a2200157 i 4500
001 57716
003 ES-MaACL
007 t|
008 031017s1953 sp ||||1| spa d
100 1 _aDraper, Arthur T.
_945588
245 1 3 _aEl rebelde de Novara /
_cArthur T. Draper ; [traducción directa del inglés por A. Brunet].
260 _aBarcelona :
_bA.H.R.,
_c[1953] (
_fLa Académica)
300 _a247 p. ;
_c19 cm.
700 1 _aBrunet, A.
_932155
852 _aES-MaACL
_jC-7895
_bR.34290
999 _c57716
_d57716